|
|
|
|
| LEADER |
00000cam a2200000 7i4500 |
| 001 |
0000015939 |
| 005 |
20080417.0 |
| 008 |
080417 |
| 020 |
|
|
|a 0060765313
|
| 090 |
0 |
0 |
|a 613
|b ROI
|
| 100 |
1 |
|
|a Roizen, Michael F
|
| 245 |
1 |
4 |
|a The owner's manual :
|b an insider's guide to the body that will make you healthier and younger
|c Michael F. Roizen ; Mehmet C. Oz, with Lisa Oz and Ted Spiker ; illustrations by Gary Hallgren
|
| 260 |
|
|
|a New York :
|b Harper Collins ,
|c 2005
|
| 650 |
|
0 |
|a Health
|
| 650 |
|
0 |
|a Longevity
|
| 650 |
|
0 |
|a Medicine
|x Popular works
|
| 650 |
|
0 |
|a Nutrition
|
| 700 |
1 |
|
|a Hallgren, Gary
|
| 700 |
1 |
|
|a Oz, Lisa
|
| 700 |
1 |
|
|a Oz, Mehmet C
|
| 700 |
1 |
|
|a Spiker, Ted
|
| 999 |
|
|
|a 0001015366
|b Book
|c Adult Collection
|e Perbadanan Perpustakaan Awam Johor
|
| 999 |
|
|
|a 0001015521
|b Book
|c Adult Collection
|e Perbadanan Perpustakaan Awam Johor
|